000 00999nam a2200277 a 4500
001 BRCA_8
005 20190320202836.0
008 930309s1992 mx-a---##b---#000-0#spa-#
020 _a9686084533
040 _aDLC
_cDLC
_dDLC
050 4 _aN6553
_b.A78 6
_c1992
100 1 _aSebastián, Santiago
_939
245 1 0 _aIconografía e iconología del arte novohispano
_cSantiago Sebastián ; presentación de José Pascual Buxó
260 _aMéxico
_bGrupo Azabache
_c1992
300 _a179 p.
_bil. a color
_c30 cm.
440 0 _aArte novohispano
_v6
_940
500 _aIncluye pieza de la Colección Franz Mayer : El biombo de las artes liberales de Juan Correa. pp. 130-133
504 _aBibliografía: p. 179-[180]
650 1 4 _aSimbolismo en arte
_zMéxico
_941
650 1 4 _aArte cristiano y simbolismo
_zMéxico
_942
650 1 4 _aArte colonial
_zMéxico
_943
650 1 4 _aIconografía
_zMéxico
_944
653 0 _aSantos novohispanos
700 1 _aBuxó, José Pascual
_d1931-
_945
942 _2lcc
_cB
999 _c8
_d8